| 000 | 01180nam a2200265Ia 4500 | ||
|---|---|---|---|
| 003 | OSt | ||
| 005 | 20221005105211.0 | ||
| 006 | a|||||r|||| 00| 0 | ||
| 007 | ta | ||
| 008 | 221004b |||||||| |||| 00| 0 san d | ||
| 020 |
_a9788193433881 (hbk) _cINR 900.00 |
||
| 024 | _a66202 | ||
| 037 |
_b287, 22/01/2020, Eastern Book Linkers _cTextual |
||
| 040 |
_aCRL _cCRL _bsan |
||
| 041 |
_2san _asan |
||
| 082 | _aQ1, 152Q8 | ||
| 100 | _aत्रिपाठी, दिव्या, ले. | ||
| 245 | 0 |
_aवैदिक जीवनपद्धति का वैज्ञानिक मूल्यांकन _b धर्मसूत्रों के विशेष सन्दर्भ में |
|
| 246 | _aVaidik jīvanapaddhati kā vaijnyānik mūlyāankana: dharmasūtroan ke visheṣh sandarbha mean | ||
| 260 |
_aनई दिल्ली _bअभ्युदय प्रकाशन भारत _c2018 |
||
| 300 |
_a408पृ0 _ccm. |
||
| 650 | _aवैदिक धर्म | ||
| 942 |
_hQ1, 152Q8 _cTEXL _2cc |
||
| 999 |
_c1015092 _d1015092 |
||